000 00493cam a22001934a 4500
005 20250605164159.0
008 250528s ||||||||||||||||||||||||d
035 _a19726
020 _a9608760143
040 _aGR-AtMCL
_bgre
_dGR-AtMCL
_eAACR2
245 1 _aΔΙΑΝΥΣΜΑΤΙΚΗ ΑΝΑΛΥΣΗ
250 _a1
260 _bΣοφια,
_c2004
300 _a624
700 1 _aΣεραφειμιδης Καρολος Ι
_95931
942 _cBK
999 _c4982
_d4982